[Event "NED-ch U11"]
[Site "Waalwijk"]
[Date "2011.04.23"]
[Round "7"]
[White "Van Roon, Sjoerd"]
[Black "Dijkstra, Daniel"]
[Result "0-1"]
[WhiteElo "1258"]
[BlackElo "1008"]
[PlyCount "176"]
[EventDate "2011.04.22"]
[EventType "swiss"]
[EventRounds "9"]
[EventCountry "NED"]
[SourceTitle "EXT 2012"]
[Source "ChessBase"]
[SourceDate "2011.11.24"]
[SourceVersion "1"]
[SourceVersionDate "2011.11.24"]
[SourceQuality "1"]

1. e4 e5 2. Nf3 Nc6 3. Bc4 Bc5 4. c3 a5 5. d4 Bd6 6. Ng5 Nh6 7. dxe5 Bxe5 8. f4 Bf6 9. 0-0 0-0 10. e5 Be7 11. Qd3 g6 12. Nd2 d6 13. Nde4 Bf5 14. e6 b6 15. exf7+ Kh8 16. Qe3 d5 17. Rd1 Bxe4 18. Nxe4 Nf5 19. Qh3 Rxf7 20. Ng5 Bxg5 21. fxg5 Rd7 22. Bb5 Rd6 23. Bf4 Re6 24. Bc4 Nce7 25. g4 Ng7 26. Qf3 c6 27. Bb3 Qd7 28. c4 Rf8 29. cxd5 Nxd5 30. Bxd5 cxd5 31. Rxd5 Qa4 32. Rf1 Re4 33. Qg3 Ne6 34. Be5+ Kg8 35. Rxf8+ Nxf8 36. Rd8 Rxg4 37. Bd6 Rxg3+ 38. hxg3 Qd4+ 39. Kh2 Qxb2+ 40. Kh3 Qxa2 41. Bxf8 Qe6+ 42. Kh4 Qe4+ 43. Kh3 Qh1+ 44. Kg4 Qh5+ 45. Kf4 Kf7 46. g4 Qh2+ 47. Kf3 Qh1+ 48. Kf4 Qf1+ 49. Ke5 Qe1+ 50. Kf4 Qc1+ 51. Ke4 Qc4+ 52. Ke3 Qc3+ 53. Ke4 Qc6+ 54. Ke3 b5 55. Bh6 Qb6+ 56. Rd4 b4 57. Kd3 Qb5+ 58. Kd2 b3 59. Rf4+ Ke6 60. Rf6+ Kd7 61. Rf7+ Kc8 62. Rf8+ Kb7 63. Rf7+ Kc6 64. Rf6+ Kb7 65. Rf7+ Kc6 66. Rf6+ Kd7 67. Rf7+ Kc8 68. Rf8+ Kb7 69. Rf7+ Kb6 70. Rf6+ Kc5 71. Bf8+ Kc4 72. Rf4+ Kd5 73. Bg7 Qb6 74. Rd4+ Qxd4+ 75. Bxd4 Kxd4 76. Kc1 a4 77. Kb2 Kd3 78. Kc1 a3 79. Kb1 Kc3 80. Ka1 Kd2 81. Kb1 b2 82. Ka2 Kc2 83. Kxa3 b1Q 84. Ka4 Kc3 85. Ka5 Kc4 86. Ka6 Kc5 87. Ka7 Kc6 88. Ka8 Qb7# 0-1

[Event "NED-ch U11"]
[Site "Waalwijk"]
[Date "2011.04.22"]
[Round "4"]
[White "Dijkstra, Daniel"]
[Black "Motamarri, Kritin"]
[Result "1-0"]
[WhiteElo "1008"]
[BlackElo "1231"]
[PlyCount "89"]
[EventDate "2011.04.22"]
[EventType "swiss"]
[EventRounds "9"]
[EventCountry "NED"]
[SourceTitle "EXT 2012"]
[Source "ChessBase"]
[SourceDate "2011.11.24"]
[SourceVersion "1"]
[SourceVersionDate "2011.11.24"]
[SourceQuality "1"]

1. e4 e5 2. Nf3 Nc6 3. Bc4 Nf6 4. Ng5 d5 5. exd5 b5 6. Bxb5 Qxd5 7. Bxc6+ Qxc6 8. 0-0 Bb7 9. f3 Bc5+ 10. Kh1 0-0 11. d3 h6 12. Ne4 Be7 13. Nbc3 Rad8 14. Be3 Nxe4 15. fxe4 Qg6 16. Qe2 Bc8 17. h3 f5 18. Bxa7 f4 19. Rf3 c6 20. Bb6 Rd6 21. Bc5 Re6 22. Bxe7 Rxe7 23. a4 Bb7 24. a5 Ref7 25. a6 Ra8 26. Qe1 Rxa6 27. Rxa6 Bxa6 28. Qh4 Ra7 29. Qd8+ Kh7 30. Qb6 Ra8 31. Qa5 Bb7 32. Qxe5 Ra1+ 33. Kh2 Rc1 34. Qxf4 Rxc2 35. Rg3 Qf6 36. Qxf6 gxf6 37. Na4 Ba6 38. b3 Rd2 39. Nc5 Bb5 40. h4 Rc2 41. Nd7 Rf2 42. Kg1 Rf4 43. d4 Rxh4 44. Nxf6+ Kh8 45. Rg8# 1-0

[Event "NED-ch U11"]
[Site "Waalwijk"]
[Date "2011.04.22"]
[Round "3"]
[White "Kroon, Joppe"]
[Black "Dijkstra, Daniel"]
[Result "0-1"]
[WhiteElo "889"]
[BlackElo "1008"]
[PlyCount "66"]
[EventDate "2011.04.22"]
[EventType "swiss"]
[EventRounds "9"]
[EventCountry "NED"]
[SourceTitle "EXT 2012"]
[Source "ChessBase"]
[SourceDate "2011.11.24"]
[SourceVersion "1"]
[SourceVersionDate "2011.11.24"]
[SourceQuality "1"]

1. e4 e5 2. Nf3 Nc6 3. d4 exd4 4. Bc4 Bb4+ 5. c3 dxc3 6. Nxc3 Nf6 7. e5 Ne4 8. Bd2 d6 9. exd6 Qxd6 10. Qc2 Nxd2 11. Nxd2 Qe7+ 12. Ne2 Nd4 13. Qd3 Bxd2+ 14. Qxd2 c5 15. Qf4 Nc2+ 16. Kf1 Nxa1 17. Ke1 Nc2+ 18. Kd2 Nb4 19. a3 Nc6 20. Re1 0-0 21. Qg4 Bxg4 22. Nf4 Rad8+ 23. Nd3 Qg5+ 24. Re3 Rd4 25. Bb3 Re8 26. Ba4 Rxe3 27. fxe3 Ne5 28. h4 Rxd3+ 29. Kc2 Qxe3 30. Bb5 Rd2+ 31. Kb1 Qe1+ 32. Ka2 Be6+ 33. Bc4 Bxc4# 0-1